03313cam a2200541Mu 4500001001300000003000600013005001700019006001900036007001500055008004100070020001800111020001500129035002100144040008000165050001000245082001400255100002800269245003700297250001200334260003300346300003400379336002600413337002600439338003600465490003200501505059000533505058701123505005401710520028601764588002602050650004702076650004202123650004402165650003302209650004702242650002602289655003602315700002402351700002702375700002702402700002702429776010102456830004002557856009902597942001202696948004602708999001702754ocn972289754OCoLC20231130105821.0m o d cr |n|---|||||170211s2016 enk o 000 0 eng d a9780191070792 a0191070793 a(OCoLC)972289754 aEBLCPbengepncEBLCPdOCLCOdOCLCQdS2HdOCLCOdOCLCFdOCLCOdOCLCQdOCLCO 4aRG95004a618.22231 aMedforth, Janet.93386210aOxford Handbook of Midwifery 3e. a3rd ed. aOxford :bOUP Oxford,c2016. a1 online resource (870 pages) atextbtxt2rdacontent acomputerbc2rdamedia aonline resourcebcr2rdacarrier1 aOxford Handbooks in Nursing0 aCover; Oxford Handbook of Midwifery; Copyright; Contents; Symbols and abbreviations; Part 1 Introduction; 1 Introduction; 2 Preconception care; 3 Sexual health; 4 Antenatal care; 5 Health advice in pregnancy; 6 Minor disorders of pregnancy; 7 Helping women cope with pregnancy: complementary therapies; 8 The need for social support; 9 Infections and sepsis; 10 Medical conditions during pregnancy; 11 Obesity; 12 Pregnancy complications; 13 Hypertensive disorders of pregnancy; Part 2 Normal labour; 14 Normal labour: first stage; 15 Pain relief in labour: non-​pharmacological8 a16 Pain relief in labour: pharmacological 17 Normal labour: second stage; 18 Normal labour: third stage; 19 Immediate care of the newborn; Part 3 Complicated labour; 20 Management of malpositions and malpresentations; 21 High-​risk labour; 22 Maternal emergencies during pregnancy, labour, and postnatally; 23 Fetal emergencies during pregnancy, labour, and postnatally; Part 4 Postnatal care; 24 Postnatal care; 25 Disorders of the postnatal period; Part 5 Contraception; 26 Contraception; Part 6 Care of the newborn; 27 Care of the newborn; Part 7 Feeding; 28 Breastfeeding8 a29 Artificial feedingIndex; Index of emergencies. aThis unique and bestselling handbook provides midwives with everything they need for successful practice. It contains concise, practical and expert guidance on all aspects of the midwife's role, from pre-conceptual advice to the final post-natal examination of the mother and baby.0 aPrint version record. 0aMidwiferyvHandbooks, manuals, etc.933863 2aMidwiferyvmethodsvHandbooks.933864 2aInfant CarevmethodsvHandbooks.933865 2aPregnancyvHandbooks.933866 6aSages-femmesvGuides, manuels, etc.933867 7aMidwifery2fast91532 7aHandbooks and manuals2fast9351 aBall, Linda.9338681 aWalker, Angela.9338691 aBattersby, Sue.9338701 aStables, Sarah.93387108iPrint version:aMedforth, Janet.tOxford Handbook of Midwifery 3e.dOxford : OUP Oxford, �2016 0aOxford handbooks in nursing.93387240uhttps://koha.ucc.edu.gh/cgi-bin/koha/opac-retrieve-file.pl?id=cd3449fb67d2415b460df7af20035d75 2lcccBK hNO HOLDINGS IN GHUCC - 123 OTHER HOLDINGS c47769d47769